<?xml version="1.0" encoding="UTF-8"?>
<record
    xmlns:xsi="http://www.w3.org/2001/XMLSchema-instance"
    xsi:schemaLocation="http://www.loc.gov/MARC21/slim http://www.loc.gov/standards/marcxml/schema/MARC21slim.xsd"
    xmlns="http://www.loc.gov/MARC21/slim">

  <leader>00563nam a22001931a 4500</leader>
  <controlfield tag="003">NEGST</controlfield>
  <controlfield tag="005">20110718132544.0</controlfield>
  <controlfield tag="008">030618s1992                  001 0 eng d</controlfield>
  <datafield tag="020" ind1=" " ind2=" ">
    <subfield code="a">0728602008</subfield>
  </datafield>
  <datafield tag="100" ind1="1" ind2=" ">
    <subfield code="a">Maw, Joan.</subfield>
  </datafield>
  <datafield tag="245" ind1="1" ind2="0">
    <subfield code="a">Narrative in Swahili :</subfield>
    <subfield code="b">sentence structure, intonation, and the storyteller /</subfield>
    <subfield code="c">Joan Maw.</subfield>
    <subfield code="h">[Text]</subfield>
  </datafield>
  <datafield tag="260" ind1=" " ind2=" ">
    <subfield code="a">London</subfield>
    <subfield code="b">U. of London</subfield>
    <subfield code="c">c1992</subfield>
  </datafield>
  <datafield tag="300" ind1=" " ind2=" ">
    <subfield code="a">107p.</subfield>
  </datafield>
  <datafield tag="500" ind1=" " ind2=" ">
    <subfield code="a">Includes bibliography.</subfield>
  </datafield>
  <datafield tag="590" ind1=" " ind2=" ">
    <subfield code="a">Accession number: 20740</subfield>
  </datafield>
  <datafield tag="650" ind1=" " ind2="0">
    <subfield code="a">Swahili language.</subfield>
  </datafield>
  <datafield tag="650" ind1=" " ind2="0">
    <subfield code="a">Storytelling</subfield>
    <subfield code="x">Tanzania.</subfield>
  </datafield>
  <datafield tag="999" ind1=" " ind2=" ">
    <subfield code="c">37750</subfield>
    <subfield code="d">37750</subfield>
  </datafield>
  <datafield tag="952" ind1=" " ind2=" ">
    <subfield code="0">0</subfield>
    <subfield code="1">0</subfield>
    <subfield code="2">lcc</subfield>
    <subfield code="4">0</subfield>
    <subfield code="7">0</subfield>
    <subfield code="8">GEN</subfield>
    <subfield code="a">CPL</subfield>
    <subfield code="b">CPL</subfield>
    <subfield code="c">GEN</subfield>
    <subfield code="d">2009-10-22</subfield>
    <subfield code="e">Donation</subfield>
    <subfield code="g">10.00</subfield>
    <subfield code="o">PL 8702.M32 1992</subfield>
    <subfield code="p">R07614W3232</subfield>
    <subfield code="r">2019-09-26 00:00:00</subfield>
    <subfield code="t">1</subfield>
    <subfield code="w">2009-10-22</subfield>
    <subfield code="y">AFR(G)</subfield>
  </datafield>
  <datafield tag="952" ind1=" " ind2=" ">
    <subfield code="0">0</subfield>
    <subfield code="1">0</subfield>
    <subfield code="2">lcc</subfield>
    <subfield code="4">0</subfield>
    <subfield code="7">0</subfield>
    <subfield code="8">SPE</subfield>
    <subfield code="a">CPL</subfield>
    <subfield code="b">CPL</subfield>
    <subfield code="c">S</subfield>
    <subfield code="d">2010-02-17</subfield>
    <subfield code="e">Donation - SIL</subfield>
    <subfield code="g">12.50</subfield>
    <subfield code="o">S PL 8702.M327 1995</subfield>
    <subfield code="p">R41184W3232</subfield>
    <subfield code="r">2021-01-25 00:00:00</subfield>
    <subfield code="t">2</subfield>
    <subfield code="w">2010-02-17</subfield>
    <subfield code="y">AFR(S)</subfield>
  </datafield>
</record>
